• 首页
  • 本馆介绍
  • 公告通知
  • 最新文献
  • 馆藏检索
  • 电子资源
  • 读者导购
  • 参考咨询
  • 我的图书馆
  • 登录
  • 详细信息显示
  • 放入我的书架
  • 预约/预借图书
  • 作者相关作品
  • 分类相关作品
  • 丛书相关作品
  • 出版社相关作品

书目信息

  • 表格格式
  • 工作单格式
  • 卡片格式
题名:
乡村主播培训手册
    
 
作者: 于军龙 , 宫翔 , 王金凤 主编
分册:  
出版信息: 天津   天津科学技术出版社  2022.06
页数: 122页
开本: 21cm
丛书名: 乡村振兴之人才振兴
单 册:
中图分类: F724.72-62
科图分类:
主题词: 农产品--nong chan pin--网络营销--手册
电子资源:
ISBN: 978-7-5742-0091-3
000 01026nam 2200277 450
001 CAL 012022050855
005 20230217093112.0
010    @a978-7-5742-0091-3@dCNY30.80
100    @a20221115d2022 em y0chiy0120 ea
101 0  @achi
102    @aCN@b120000
105    @aa z 000yy
106    @ar
200 1  @a乡村主播培训手册@Axiang cun zhu bo pei xun shou ce@f主编于军龙, 宫翔, 王金凤
210    @a天津@c天津科学技术出版社@d2022.06
215    @a122页@c图@d21cm
225 2  @a乡村振兴之人才振兴@Axiang cun zhen xing zhi ren cai zhen xing
330    @a本书共八章, 内容包括: 认识乡村主播、优秀主播的属性分析、主播运营技巧、直播内容主要规范、直播硬件配置、变现技巧与方式、直播误区防范、乡村电商直播。
410  0 @12001 @a乡村振兴之人才振兴
606 0  @a农产品@Anong chan pin@x网络营销@j手册
690    @aF724.72-62@v5
701  0 @a于军龙@Ayu jun long@4主编
701  0 @a宫翔@Agong xiang@4主编
701  0 @a王金凤@Awang jin feng@4主编
801  0 @aCN@bBJXHZP@c20230228
905    @b1389160-3@dF724.72-62@e124@f4
    
    乡村主播培训手册/主编于军龙, 宫翔, 王金凤.-天津:天津科学技术出版社,2022.06
    122页:图;21cm.-(乡村振兴之人才振兴)
    
    
    ISBN 978-7-5742-0091-3:CNY30.80
    本书共八章, 内容包括: 认识乡村主播、优秀主播的属性分析、主播运营技巧、直播内容主要规范、直播硬件配置、变现技巧与方式、直播误区防范、乡村电商直播。
●
相关链接 在E读中查询图书 在五车中查询图书 在当当中查询图书 在豆瓣中查询图书


正题名:乡村主播培训手册     索取号:F724.72-62/124         预约/预借

序号 登录号 条形码 馆藏地/架位号 状态 备注
1 1389160   213891608   第一样本阅览室/ [索取号:F724.72-62/124] 在馆    
2 1389161   213891617   第一借阅区/ [索取号:F724.72-62/124] 在馆    
3 1389162   213891626   第一借阅区/ [索取号:F724.72-62/124] 在馆    
4 1389163   213891635   第一借阅区/ [索取号:F724.72-62/124] 在馆    
唐山师范学院图书馆 欢迎您!
大连网信软件有限公司© 版权所有